000 00778nam a2200169 a 4500
008 170817s2016 ||||||||||||||||| || u
050 _aCBU-PG THESIS/BOM
100 _aBoma, Catherine Kalunga
245 1 0 _aManagement of household solid waste in Kitwe: a case of Nkana East, Misenshi-Mindolo and Chimwemwe Townships
_cby Catherine Kalunga Boma
260 _aKitwe:
_bCopperbelt University
_c2016
300 _ax, 68p.: ill.
500 _aIncludes References
650 _aREFUSE AND REFUSE DISPOSAL--KITWE--ZAMBIA
650 _aWASTE MANAGEMENT--KITWE--ZAMBIA
650 _aREFUSE AND REFUSE DISPOSAL--ZAMBIA
995 _FCBU-MAIN LIBRARY (Kitwe)
_M1
_UAVAILABLE
_WAug 17, 2017
_XCopperbelt University
_ZUniversity Collection
999 _c49967
_d49967